000
00332nam a2200145Ia 4500
003
OSt
005
20240212101649.0
008
170524s9999 xx 000 0 und d
020
_a
8177581074
040
_c
iimtu meerut
100
_a
KOTLER- P
245
0
_a
PRINCIPELS OF MARKETING
260
_b
HIMALYA PUB. HOUSE
942
_2
ddc
_c
02
999
_c
8019
_d
8019